000 01141nam a2200313 4500
001 0000013996
003 CO-CtgCURN
005 20250520140124.0
007 ta
008 160627s2002 000 0 eng d
020 _a9803730509
040 _aCO-CtgCURN
_bspa
_ccoctgcurn
082 0 _a616.994
_bC629
100 1 _aHernández Muñoz, Gerardo.
245 1 0 _aTratamiento conservador en cáncer de mama /
_cGerardo Hernández Muñoz...[et , al].
250 _a2a ed.
260 _aBogotá :
_bMcGraw-Hill,
_c2002.
300 _a513 p.
336 _2rdacontent
337 _2rdamedia
_asin mediacion
_bn
338 _2rdacarrier
_avolumen
_bnc
500 _aIncluye indice Analitico.
504 _aBibliografia (p. 487-490)
505 8 _aLa mujer de riesgo.--La indicacion del tratamiento conservador.--Tecnicas quirurgicas mamarias del tratamiento conservador.--La axila en cancer de mama.--Los tratamientos del tratamiento conservador
650 1 4 _aCancer
_vDiagnostico
_xManuales.
908 _a160627
942 _cBK
_h616.994
_iC629
_2ddc
_n0
999 _c23056
_d23056